[Event "Moscow Region-ch"]
[Site "Dubna"]
[Date "2001.??.??"]
[Round "1"]
[White "Pakhteev, Yury"]
[Black "Demin, Gleb Yurevich"]
[Result "1-0"]
[WhiteElo "2320"]
[BlackElo "2265"]
[PlyCount "63"]
[EventDate "2001.??.??"]
[EventType "swiss"]
[EventRounds "9"]
[EventCountry "RUS"]
[SourceTitle "EXT 2006"]
[Source "ChessBase"]
[SourceDate "2005.11.24"]
[SourceVersion "1"]
[SourceVersionDate "2005.11.24"]
[SourceQuality "1"]

1. d4 Nf6 2. Nf3 d6 3. c4 g6 4. Nc3 Bg7 5. e4 0-0 6. Be2 Nbd7 7. 0-0 Re8 8. e5 Ng4 9. e6 Ndf6 10. Ng5 fxe6 11. Bxg4 Nxg4 12. Qxg4 e5 13. Qh4 h6 14. Nf3 exd4 15. Nxd4 e5 16. Qxd8 Rxd8 17. Nc2 Be6 18. Ne3 Rd7 19. Ne4 b6 20. Rd1 Rad8 21. Nd5 Rf8 22. Bxh6 Bxd5 23. Bxg7 Bxe4 24. Bxf8 Kxf8 25. f4 exf4 26. Rd4 Re7 27. Re1 Bc2 28. Rxf4+ Rf7 29. Ref1 Rxf4 30. Rxf4+ Kg7 31. Kf2 c6 32. Rd4 1-0